| 000 | 00543nam a22001937a 4500 | ||
|---|---|---|---|
| 008 | 151126b xxu||||| |||| 00| 0 eng d | ||
| 020 | _a0761952772 (pbk.) | ||
| 020 | _a0761952764 | ||
| 041 | 0 | _aeng | |
| 080 | _a316:008 | ||
| 245 | 0 | 0 |
_aResearching society and culture / _cedited by Clive Seale. |
| 260 |
_aLondon ; _aThousand Oaks, Calif. : _bSage Publications, _c1998. |
||
| 300 |
_aviii, 349 f. : _bme ill. ; _c25 cm. |
||
| 650 | 0 | _aSociologji | |
| 650 | 0 | _aKulturë | |
| 650 | 0 | _aHulumtim | |
| 700 | 1 | _aSeale, Clive. | |
| 942 |
_2udc _cBK |
||
| 999 |
_c1386 _d1386 |
||